| 000 | 01055nac a22003257a 4500 | ||
|---|---|---|---|
| 001 | BR9904483 | ||
| 003 | BR-BrBNA | ||
| 005 | 20240105122306.0 | ||
| 008 | 230509b bl.|||m| |||| 00| 0 por d | ||
| 040 |
_aBR-BrBNA _bpor _cBiblioteca Nacional de Agricultura |
||
| 072 | _aF01; F04 | ||
| 090 | _a1300 BR9904483 | ||
| 100 | 1 | _aLanna, F. do C.A. | |
| 100 | 1 | _aRodrigues, E.T. | |
| 110 | 1 | _aEmpresa Mato Grossense de Pesquisa, Assistencia e Extensao Rural S.A. Cuiaba, MT (Brasil) | |
| 245 | 1 | _aRecomendacoes tecnicas para o pequeno produtor de hortalicas | |
| 260 | 3 |
_aCuiaba, MT (Brasil): _c1995. |
|
| 300 | _a20 p. | ||
| 490 |
_aDocumentos - Empresa Mato-Grossense de Pesquisa, Assistencia e Extensao rural S/A. (Brazil) _vno. 19 _xISSN 0104-0669 |
||
| 500 | _a7 ref. | ||
| 650 | _aHortalica | ||
| 650 | _aPequeno Produtor | ||
| 650 | _aPlantio | ||
| 650 | _aAdubacao | ||
| 650 | _aClima | ||
| 650 | _aRotacao de Cultura | ||
| 650 | _aControle Biologico | ||
| 909 |
_a202312 _bLúcia Elande _c55 _dLúcia Elande |
||
| 942 |
_2AGRIS _n0 _cMS |
||
| 999 |
_c290243 _d290243 |
||